| Tag |
First Indicator |
Second Indicator |
Subfields |
| LEADER |
00000cam a2200000Mi 4500 |
| 001 |
in00003569739 |
| 006 |
m o d |
| 007 |
cr mnu---uuaaa |
| 008 |
130125s1988 gw o 000 0 eng |
| 005 |
20260422230556.5 |
| 020 |
|
|
|a 9783662112366 (electronic bk.)
|
| 020 |
|
|
|a 3662112361 (electronic bk.)
|
| 020 |
|
|
|z 9783662112380
|
| 020 |
|
|
|z 3662112388
|
| 020 |
|
|
|z 3662112361
|
| 035 |
|
|
|a (OCoLC)851378171
|
| 040 |
|
|
|a AU@
|b eng
|c AU@
|d GW5XE
|d OCLCF
|d UtOrBLW
|
| 049 |
|
|
|a TXAM
|
| 050 |
|
4 |
|a RD792-811
|
| 072 |
|
7 |
|a MQV
|2 bicssc
|
| 072 |
|
7 |
|a MED073000
|2 bisacsh
|
| 082 |
0 |
4 |
|a 617.03
|2 23
|
| 100 |
1 |
|
|a Braune, Wilhelm.
|
| 245 |
1 |
0 |
|a Determination of the Moments of Inertia of the Human Body and Its Limbs /
|c by Wilhelm Braune, Otto Fischer.
|
| 264 |
|
1 |
|a Berlin, Heidelberg :
|b Springer Berlin Heidelberg,
|c 1988.
|
| 300 |
|
|
|a 1 online resource (viii, 86 pages)
|
| 336 |
|
|
|a text
|b txt
|2 rdacontent
|
| 337 |
|
|
|a computer
|b c
|2 rdamedia
|
| 338 |
|
|
|a online resource
|b cr
|2 rdacarrier
|
| 505 |
0 |
|
|a Contents: Introduction -- Experimental Determination of the Moments of Inertia of the Parts of the Body About Axes Through the Centre of Gravity and at Right Angles to the Longitudinal Axis, and About the Longitudinal Axis Itself -- Deduction of the Moments of Inertia About Any Axis Through the Centre of Gravity -- Deduction of the Moments of Inertia About Any Axis in Space -- Example of Application of the Moments of Inertia Thus Found: Determination of the Period of Oscillation of the Leg at Different Degrees of Flexion -- Summary -- Index.
|
| 520 |
|
|
|a This is another classic contribution by Braune and Fischer to the field of biomechanics, translated here for the first time from the original German edition of 1892. The pendulum method was employed to ascertain accurately the moments and radii of inertia of the human body and its different parts about all axes - transverse, oblique or longitudinal. This elegant method is described in detail, together with the results. Relations were found between the centres of inertia on the one hand, and the lengths and diameters of the body segments on the other. These data were originally prepared for the authors' later work, The Human Gait, to determine the forces exerted on and by the parts of the body during walking. Such work is the basis for solving the mechanical problems related to any movement of the human body: thus, the original results presented here continue to be of immense value to current research and practice.
|
| 500 |
|
|
|a Electronic resource.
|
| 650 |
|
0 |
|a Medicine.
|
| 650 |
|
0 |
|a Rehabilitation.
|
| 650 |
|
0 |
|a Sports medicine.
|
| 650 |
|
7 |
|a Medicine.
|2 fast
|0 (OCoLC)fst01014893
|
| 650 |
|
7 |
|a Rehabilitation.
|2 fast
|0 (OCoLC)fst01093291
|
| 650 |
|
7 |
|a Sports medicine.
|2 fast
|0 (OCoLC)fst01130709
|
| 655 |
|
7 |
|a Electronic books.
|2 local
|
| 700 |
1 |
|
|a Fischer, Otto.
|
| 710 |
2 |
|
|a SpringerLink (Online service)
|
| 776 |
1 |
8 |
|i Print version:
|z 9783662112380
|
| 856 |
4 |
0 |
|u http://proxy.library.tamu.edu/login?url=https://link.springer.com/10.1007/978-3-662-11236-6
|z Connect to the full text of this electronic book
|t 0
|
| 994 |
|
|
|a 92
|b TXA
|
| 999 |
|
|
|a MARS
|
| 999 |
f |
f |
|s 322793f5-cef3-32d7-9d8a-cc5694de9a13
|i f2a52883-980b-392c-a1d9-2599434a99bc
|t 0
|
| 952 |
f |
f |
|a Texas A&M University
|b College Station
|c Electronic Resources
|s www_evans
|d Available Online
|t 0
|e RD792-811
|h Library of Congress classification
|
| 998 |
f |
f |
|a RD792-811
|t 0
|l Available Online
|